[Event "Elitserien(Astorp-SodraSASS)"]
[Site "?"]
[Date "2005.??.??"]
[Round "9"]
[White "Holmsgaard, Henrik"]
[Black "Sjoberg, Mats"]
[Result "1/2-1/2"]
[WhiteElo "2309"]
[BlackElo "2401"]
[PlyCount "61"]

1. e4 c5 2. Nf3 e6 3. d4 cxd4 4. Nxd4 a6 5. Be2 Ne7 6. O-O Nbc6 7. Be3 Nxd4 8.
Qxd4 b5 9. a4 Nc6 10. Qd2 b4 11. c3 Bb7 12. Rd1 bxc3 13. Nxc3 Bb4 14. Bg5 Be7
15. Bf4 Na5 16. Qe3 O-O 17. Qg3 Rc8 18. Bh6 Bf6 19. e5 Bxe5 20. Qxe5 gxh6 21.
Rd3 f6 22. Qh5 Rf7 23. Rg3+ Rg7 24. Rxg7+ Kxg7 25. Rd1 f5 26. Rd3 Qe7 27. Rg3+
Kh8 28. Qxh6 Rg8 29. Qf4 Nc6 30. Bf3 d6 31. Ne2 1/2-1/2

[Event "Elitserien(Astorp-SodraSASS)"]
[Site "?"]
[Date "2005.??.??"]
[Round "9"]
[White "Welin, Thomas"]
[Black "Tallinger, Thomas"]
[Result "1/2-1/2"]
[WhiteElo "2380"]
[BlackElo "2204"]
[PlyCount "130"]

1. c4 e5 2. Nc3 Nc6 3. Nf3 d6 4. d4 Bg4 5. d5 Nce7 6. e4 g6 7. Be2 Bg7 8. O-O
Nf6 9. c5 Bxf3 10. cxd6 Bxe2 11. dxe7 Qxe7 12. Qxe2 O-O 13. Qb5 Rfb8 14. a4 Bf8
15. Qe2 Re8 16. Bg5 Bg7 17. Rac1 a6 18. Rfd1 Qd6 19. Qc4 Nd7 20. Be3 Bf8 21.
Na2 Rac8 22. Qb3 Nf6 23. f3 Qd7 24. Qxb7 Qxa4 25. Nc3 Qb4 26. Qxa6 Bd6 27. Qb5
Rb8 28. Qxb4 Rxb4 29. Rc2 Nd7 30. Ra1 Reb8 31. Nd1 Kg7 32. Kf1 R8b7 33. Ra6 Rb3
34. Ke2 f5 35. Rac6 R3b4 36. R6c4 R4b5 37. g3 Kf6 38. h4 Rb3 39. Bg5+ Kg7 40.
Bd8 Nb6 41. Rc6 fxe4 42. fxe4 Na8 43. R2c3 Rxc3 44. Rxc3 Rb4 45. Kf3 h6 46. Rc6
Rb3+ 47. Ne3 Rb8 48. Rxd6 cxd6 49. Be7 Rb6 50. Nc4 Rb3+ 51. Kg4 Nb6 52. Nxd6
h5+ 53. Kh3 Rxb2 54. Bd8 Nd7 55. Ne8+ Kf7 56. Nd6+ Kf8 57. Bg5 Rc2 58. Bd8 Re2
59. Bg5 Nc5 60. Bf6 Nxe4 61. Nxe4 Rxe4 62. d6 Ke8 63. Kg2 Kd7 64. Kf3 Re1 65.
Kf2 Re4 1/2-1/2

[Event "Elitserien(Astorp-SodraSASS)"]
[Site "?"]
[Date "2005.??.??"]
[Round "9"]
[White "Pettersson, Gosta"]
[Black "Alm, Hakan"]
[Result "1-0"]
[WhiteElo "2139"]
[BlackElo "2328"]
[PlyCount "95"]

1. c4 e5 2. Nc3 Nf6 3. g3 Bb4 4. Bg2 O-O 5. Nf3 Re8 6. O-O d6 7. Nd5 Nxd5 8.
cxd5 c5 9. d3 Nd7 10. Nd2 Bxd2 11. Bxd2 b6 12. f4 Rb8 13. Bc3 f6 14. Rf2 b5 15.
b3 Nf8 16. fxe5 dxe5 17. Rc1 Bg4 18. Qd2 Qd6 19. Bb2 Rec8 20. Rc2 a5 21. Rf1 a4
22. bxa4 b4 23. Rfc1 Bd7 24. Qe3 b3 25. axb3 Rxb3 26. Bc3 Bxa4 27. Bd2 Rb5 28.
Rc3 Rb2 29. Ra3 Be8 30. Bc3 Rb7 31. Be1 Bf7 32. Qf3 Rcb8 33. Rac3 Nd7 34. Bf2
Rb1 35. h3 Rxc1+ 36. Rxc1 Rb2 37. Rc4 Rb4 38. Rc2 Rb7 39. Kh2 Rb5 40. h4 Nb6
41. e4 Nd7 42. Bh3 Nb8 43. Qf5 h5 44. Qc8+ Kh7 45. Bxc5 Qa6 46. Bf5+ g6 47. Qf8
Qb7 48. Bc8 1-0

[Event "Elitserien(Astorp-SodraSASS)"]
[Site "?"]
[Date "2005.??.??"]
[Round "9"]
[White "Lundvik, Jonas"]
[Black "Josefsson, Kenneth"]
[Result "1-0"]
[WhiteElo "2322"]
[BlackElo "2018"]
[PlyCount "62"]

1. d4 Nf6 2. Nf3 e6 3. g3 c5 4. Bg2 Nc6 5. O-O cxd4 6. Nxd4 Bc5 7. Nb3 Be7 8.
c4 d6 9. Nc3 O-O 10. Bf4 h6 11. Rc1 Ng4 12. Ne4 Nge5 13. Nd4 f5 14. Nxc6 bxc6
15. Nd2 Ng6 16. Bxc6 Rb8 17. b3 Bb7 18. Bxb7 Rxb7 19. Nf3 Nxf4 20. gxf4 g5 21.
Qd2 gxf4 22. Qxf4 Bg5 23. Nxg5 Rg7 24. Kh1 hxg5 25. Qd4 Qa8+ 26. Kg1 f4 27.
Qxd6 Qe4 28. Qd3 Qe5 29. f3 g4 30. fxg4 Rxg4+ 31. Kh1 Kh8 1-0

[Event "Elitserien(Astorp-SodraSASS)"]
[Site "?"]
[Date "2005.??.??"]
[Round "9"]
[White "Sandklef, Ake"]
[Black "Holmqvist, Gunnar"]
[Result "0-1"]
[WhiteElo "1889"]
[BlackElo "2263"]
[PlyCount "50"]

1. d4 Nf6 2. c4 e6 3. Nc3 d5 4. Bg5 Be7 5. e3 h6 6. Bh4 O-O 7. Nf3 b6 8. cxd5
Nxd5 9. Bxe7 Qxe7 10. Bd3 Nxc3 11. bxc3 Bb7 12. e4 c5 13. O-O cxd4 14. cxd4 Nc6
15. Rc1 Rfd8 16. Bb5 Nxd4 17. Nxd4 Qf6 18. e5 Qxe5 19. Nc6 Bxc6 20. Bxc6 Rxd1
21. Bxa8 Rxf1+ 22. Kxf1 Qb2 23. Rc8+ Kh7 24. Rc7 Qa1+ 25. Ke2 Qe5+ 0-1

[Event "Elitserien(Rockaden-Skara)"]
[Site "?"]
[Date "2005.??.??"]
[Round "10"]
[White "Djurhuus, Rune"]
[Black "Barkhagen, Jonas"]
[Result "1-0"]
[WhiteElo "2588"]
[BlackElo "2538"]
[PlyCount "93"]

1. e4 e5 2. Nf3 Nc6 3. Bb5 a6 4. Ba4 Nf6 5. O-O Be7 6. Re1 b5 7. Bb3 O-O 8. h3
d6 9. c3 Nd7 10. d4 Bf6 11. a4 Bb7 12. Na3 exd4 13. cxd4 Re8 14. axb5 axb5 15.
Bf4 Na5 16. Bc2 b4 17. Nb5 Bc6 18. Qd3 Nf8 19. e5 dxe5 20. dxe5 Be7 21. e6 Qxd3
22. exf7+ Kxf7 23. Ne5+ Kf6 24. Bxd3 Bxb5 25. Bxb5 Reb8 26. Ng4+ Kf7 27. Rxa5
Rxa5 28. Bc4+ Ke8 29. Bxc7 Rba8 30. Bxa5 Rxa5 31. Ne5 Rc5 32. Nc6 Ng6 33. Nxe7
Nxe7 34. Re4 Kd8 35. Rd4+ Kc7 36. Be6 Nc6 37. Rd7+ Kb6 38. Rxg7 Rc1+ 39. Kh2
Rc2 40. b3 Nd4 41. Bg8 Rxf2 42. Rxh7 Rb2 43. h4 Nxb3 44. h5 Nc5 45. Rg7 Rd2 46.
Rg4 Ka5 47. h6 1-0

[Event "Elitserien(Rockaden-Skara)"]
[Site "?"]
[Date "2005.??.??"]
[Round "10"]
[White "Gausel, Einar"]
[Black "Hermansson, Emil"]
[Result "0-1"]
[WhiteElo "2588"]
[BlackElo "2521"]
[PlyCount "120"]

1. Nf3 c5 2. c4 Nc6 3. e3 e5 4. a3 Nf6 5. Qc2 Be7 6. b3 O-O 7. Bb2 e4 8. Ng5 d5
9. cxd5 Qxd5 10. h4 Na5 11. b4 cxb4 12. axb4 Nc6 13. b5 Nb4 14. Qa4 Bd7 15. Nc3
Nd3+ 16. Bxd3 Qxd3 17. Ba3 Bxa3 18. Rxa3 Rac8 19. f3 Bxb5 20. Qd1 Ba6 21. fxe4
Qd6 22. Rxa6 Qg3+ 23. Kf1 bxa6 24. Rh3 Qd6 25. Qc2 Rfd8 26. Ke2 h6 27. Nf3 Ng4
28. Qb1 Rb8 29. Qc2 Rbc8 30. Qb1 Rb8 31. Qc2 Qa3 32. Nd4 Ne5 33. Qa4 Qc1 34.
Qd1 Qa3 35. Qa4 Qc1 36. Qd1 Qb2 37. Nd5 Qa3 38. Nf4 Rdc8 39. Rh1 Rb2 40. Qa1
Ra2 41. Qb1 Nc4 42. Nc2 Qb2 43. Nd5 Qxb1 44. Rxb1 Nxd2 45. Kxd2 Rcxc2+ 46. Kd3
Rd2+ 47. Kc3 Rac2+ 48. Kb3 Rxg2 49. Ra1 Rb2+ 50. Kc3 Ra2 51. Rb1 Rac2+ 52. Kb3
Rh2 53. h5 Rce2 54. Kc4 Rb2 55. Rg1 a5 56. Kd4 a4 57. Ra1 Ra2 58. Rb1 Rad2+ 59.
Kc3 Rc2+ 60. Kd4 f6 0-1

[Event "Elitserien(Rockaden-Skara)"]
[Site "?"]
[Date "2005.??.??"]
[Round "10"]
[White "Karlsson, Lars"]
[Black "Winsnes, Rikard"]
[Result "1/2-1/2"]
[WhiteElo "2550"]
[BlackElo "2506"]
[PlyCount "105"]

1. g3 g6 2. Bg2 Bg7 3. c4 Nf6 4. Nc3 O-O 5. e4 c5 6. Nge2 Nc6 7. d3 Ne8 8. Be3
Nd4 9. O-O d6 10. Rb1 Nc7 11. b4 Nce6 12. a3 Rb8 13. f4 Nxe2+ 14. Nxe2 Nd4 15.
h3 e6 16. Qd2 f5 17. bxc5 dxc5 18. e5 Nxe2+ 19. Qxe2 Qc7 20. d4 cxd4 21. Bxd4
b6 22. c5 bxc5 23. Rxb8 Qxb8 24. Bxc5 Rd8 25. Rd1 Qc7 26. Rxd8+ Qxd8 27. Qf2
Qa5 28. Qd4 Bf8 29. Bxf8 Kxf8 30. Qb4+ Qxb4 31. axb4 Ke7 32. Kf2 Kd8 33. Ke3
Kc7 34. Kd4 Kb6 35. Bf1 Bd7 36. Be2 Bc8 37. g4 Bd7 38. g5 Kc6 39. h4 Be8 40.
Ba6 Bd7 41. Bc4 Kb6 42. Kc3 Kc6 43. Kd4 Kb6 44. Be2 Be8 45. Bd1 Kb5 46. Kc3 Kb6
47. Kc4 Bb5+ 48. Kd4 Be8 49. Bb3 Bd7 50. Bc4 Kc6 51. Be2 Be8 52. Bc4 Bd7 53.
Be2 1/2-1/2

[Event "Elitserien(Rockaden-Skara)"]
[Site "?"]
[Date "2005.??.??"]
[Round "10"]
[White "Wessman, Rickard"]
[Black "Andersson, Goran"]
[Result "1-0"]
[WhiteElo "2500"]
[BlackElo "2222"]
[PlyCount "165"]

1. d4 Nf6 2. c4 c5 3. Nf3 cxd4 4. Nxd4 e5 5. Nb3 d5 6. cxd5 Qxd5 7. Qxd5 Nxd5
8. Bd2 Nc6 9. e3 Ndb4 10. Bxb4 Bxb4+ 11. N3d2 Be6 12. a3 Bxd2+ 13. Nxd2 Ke7 14.
Bb5 Rac8 15. Ke2 a6 16. Bd3 Rc7 17. Rhc1 Rhc8 18. Rc5 b6 19. Rc3 Nb8 20. Rxc7+
Rxc7 21. Rd1 h6 22. Nf3 f6 23. Nh4 Rd7 24. Rc1 Kd8 25. Bf5 Bxf5 26. Nxf5 h5 27.
Ng3 g6 28. Ne4 f5 29. Ng5 Re7 30. e4 Kd7 31. Rd1+ Kc7 32. exf5 gxf5 33. Rd5 Nd7
34. Nf3 Kc6 35. Rd1 a5 36. Rc1+ Kb7 37. Nh4 Rf7 38. f4 e4 39. b4 axb4 40. axb4
b5 41. g3 Rf6 42. Ke3 Kb8 43. Ra1 Kb7 44. Rc1 Kb8 45. Rc2 Kb7 46. Ke2 Rf8 47.
Ng2 Nb6 48. Ne3 Nc4 49. Nxc4 bxc4 50. Rxc4 h4 51. Rc5 h3 52. Ke3 Kb6 53. Re5
Kc6 54. Re6+ Kd5 55. Re5+ Kc6 56. Rc5+ Kd6 57. Kd4 Rf6 58. b5 Rf8 59. Rc6+ Kd7
60. Rh6 Re8 61. Ke3 Ra8 62. Rh7+ Ke6 63. b6 Ra3+ 64. Kd2 e3+ 65. Ke2 Kd5 66. b7
Rb3 67. Rd7+ Ke4 68. Re7+ Kd4 69. Kf3 Rb2 70. Rd7+ Kc5 71. Kxe3 Kc6 72. Rh7 Kd5
73. Kd3 Rb3+ 74. Kc2 Rb6 75. Kc3 Ke4 76. Kc4 Kf3 77. Kc5 Rb1 78. Rxh3 Rxb7 79.
Kd5 Re7 80. Rh5 Kg4 81. Rg5+ Kh3 82. Rxf5 Kxh2 83. Rg5 1-0

[Event "Elitserien(Rockaden-Skara)"]
[Site "?"]
[Date "2005.??.??"]
[Round "10"]
[White "Hedman, Erik"]
[Black "Svensson, Sven"]
[Result "1-0"]
[WhiteElo "2459"]
[BlackElo "2255"]
[PlyCount "123"]

1. e4 e5 2. Nf3 Nc6 3. Bb5 a6 4. Ba4 Nf6 5. O-O b5 6. Bb3 Bb7 7. d3 Bc5 8. Nc3
d6 9. a3 h6 10. Ne2 d5 11. exd5 Nxd5 12. Ng3 Nde7 13. Re1 Bd6 14. d4 exd4 15.
Nxd4 Nxd4 16. Qxd4 O-O 17. Bf4 Bxf4 18. Qxf4 Ng6 19. Qg4 Qf6 20. Nf5 Kh7 21. c3
Rad8 22. Rad1 Rxd1 23. Rxd1 Ne5 24. Qh5 Be4 25. Ng3 Bc6 26. Qf5+ Qxf5 27. Nxf5
Re8 28. h3 Kg6 29. Nd4 Bb7 30. a4 c5 31. Bc2+ Kf6 32. Nb3 Nc4 33. Nxc5 Bc8 34.
b3 Na3 35. Bd3 Rd8 36. Ra1 Rd5 37. b4 Nc4 38. axb5 axb5 39. Ra8 Bf5 40. Bxc4
bxc4 41. g4 Bc2 42. Re8 h5 43. Kg2 Kg5 44. Re7 hxg4 45. hxg4 Kxg4 46. Rxf7 g6
47. Rd7 Rxd7 48. Nxd7 Be4+ 49. Kf1 Kf5 50. Ke2 Bc6 51. Nc5 Ke5 52. Ke3 g5 53.
f3 Ba8 54. Nd7+ Kd6 55. Nb6 Bc6 56. Nxc4+ Kd5 57. Nd2 Ke5 58. c4 Bd7 59. Ne4 g4
60. f4+ Kf5 61. b5 Be6 62. b6 1-0

[Event "Elitserien(Passanten-LASK)"]
[Site "?"]
[Date "2005.??.??"]
[Round "10"]
[White "Johannesson, Leif E"]
[Black "Cramling, Dan"]
[Result "1-0"]
[WhiteElo "2387"]
[BlackElo "2556"]
[PlyCount "71"]

1. Nf3 c5 2. c4 Nc6 3. d4 cxd4 4. Nxd4 g6 5. e4 Bg7 6. Be3 Nf6 7. Nc3 Ng4 8.
Qxg4 Bxd4 9. Bxd4 Nxd4 10. Qd1 e5 11. Qd2 d6 12. Bd3 Be6 13. O-O g5 14. Ne2
Nxe2+ 15. Bxe2 Rc8 16. Rac1 h6 17. Qb4 Qb6 18. Qxb6 axb6 19. Rfd1 Ke7 20. b3
Rc7 21. Kf1 Rhc8 22. a4 Bd7 23. Ra1 Rd8 24. Bd3 Rf8 25. Rd2 Rcc8 26. Rad1 Be6
27. Ke2 Rcd8 28. Ke3 Kd7 29. Be2 Kc7 30. Rh1 Kc6 31. Rhd1 Kc5 32. b4+ Kc6 33.
c5 bxc5 34. bxc5 Bb3 35. Rb1 Bxa4 36. Ra2 1-0

[Event "Elitserien(Passanten-LASK)"]
[Site "?"]
[Date "2005.??.??"]
[Round "10"]
[White "Johansson, Carl Fredrik"]
[Black "Tikkanen, Hans"]
[Result "0-1"]
[WhiteElo "2203"]
[BlackElo "2417"]
[PlyCount "96"]

1. d4 g6 2. c4 c5 3. d5 e5 4. dxe6 fxe6 5. Nc3 Nf6 6. Bg5 Be7 7. e3 Nc6 8. h4
Ne5 9. Nf3 Neg4 10. Qc2 a6 11. Bd3 Qa5 12. Kf1 d6 13. Rd1 Bd7 14. Rh3 O-O-O 15.
Rg3 Rde8 16. a3 e5 17. b4 Qc7 18. Be4 cxb4 19. axb4 Qxc4+ 20. Bd3 Qc7 21. Rc1
Kb8 22. Qb2 Rc8 23. Rc2 Qb6 24. Kg1 Rc7 25. Qb3 Rhc8 26. Nd2 d5 27. Nxd5 Nxd5
28. Rxc7 Rxc7 29. Qxd5 Be6 30. Qf3 Bxg5 31. hxg5 Qxb4 32. Nf1 Rf7 33. Qe2 Nxf2
34. Rf3 Rxf3 35. gxf3 Nxd3 36. Qxd3 Qb6 37. Kg2 a5 38. Qe4 Qc5 39. f4 Bf5 40.
Qxe5+ Qxe5 41. fxe5 Kc7 42. Kf3 Bd3 43. Nd2 b5 44. e4 a4 45. Ke3 Bc2 46. Kd4 b4
47. Nc4 a3 48. Ne3 Bb3 0-1

[Event "Elitserien(Passanten-LASK)"]
[Site "?"]
[Date "2005.??.??"]
[Round "10"]
[White "Nilsson, Sebastian"]
[Black "Loven, Anders"]
[Result "1/2-1/2"]
[WhiteElo "2306"]
[BlackElo "2155"]
[PlyCount "136"]

1. e4 c5 2. Nf3 g6 3. d4 cxd4 4. Nxd4 Nc6 5. Nc3 Bg7 6. Be3 Nf6 7. Bc4 O-O 8.
Bb3 e6 9. O-O d5 10. exd5 exd5 11. h3 Re8 12. Re1 Be6 13. Ba4 Bd7 14. Bxc6 bxc6
15. Nb3 Ne4 16. Nxe4 Rxe4 17. c3 a5 18. Qd2 a4 19. Nc5 Rc4 20. Rac1 Bf8 21. Nd3
Re4 22. Bd4 Bf5 23. Nc5 Rh4 24. Qe2 Bd6 25. Nb7 Qd7 26. Nxd6 Qxd6 27. Qe8+ Rxe8
28. Rxe8+ Qf8 29. Rxf8+ Kxf8 30. g4 Be4 31. Kh2 g5 32. Bf6 Rh6 33. Bxg5 Rg6 34.
Be3 h5 35. g5 Ke7 36. Kg3 Ke6 37. Rd1 Kf5 38. Rd4 f6 39. h4 Bc2 40. c4 fxg5 41.
cxd5 gxh4+ 42. Kxh4 cxd5 43. Rxd5+ Ke4 44. Rd4+ Kf3 45. Kxh5 Rg8 46. Rf4+ Ke2
47. Rf6 Rg1 48. Bc5 Rb1 49. Bd4 Rd1 50. Bc3 Bb1 51. a3 Rh1+ 52. Kg5 Rg1+ 53.
Kf4 Rg6 54. Rxg6 Bxg6 55. Kg5 Be8 56. f4 Kf3 57. f5 Ke4 58. f6 Bf7 59. Kh6 Kf5
60. Kg7 Ke6 61. b4 axb3 62. a4 Bh5 63. a5 Kd6 64. a6 Kc7 65. Bd4 b2 66. Bxb2
Kb6 67. f7 Bxf7 68. Kxf7 Kxa6 1/2-1/2

[Event "Elitserien(Passanten-LASK)"]
[Site "?"]
[Date "2005.??.??"]
[Round "10"]
[White "Johnson, Bjorn"]
[Black "Danielsson, Robert"]
[Result "1/2-1/2"]
[WhiteElo "2306"]
[BlackElo "2002"]
[PlyCount "39"]

1. f4 d5 2. Nf3 Nf6 3. e3 g6 4. Be2 Bg7 5. O-O O-O 6. d3 c5 7. Qe1 Nc6 8. a4 b6
9. Na3 Re8 10. Ne5 Nxe5 11. fxe5 Nd7 12. d4 f6 13. Bf3 e6 14. exf6 Nxf6 15. Nb5
a6 16. Nc3 Bb7 17. Kh1 e5 18. dxe5 Rxe5 19. Qg3 Qe7 20. Ra3 1/2-1/2

[Event "Elitserien(Passanten-LASK)"]
[Site "?"]
[Date "2005.??.??"]
[Round "10"]
[White "Jordas, Ingvar"]
[Black "Persson, Hakon"]
[Result "0-1"]
[WhiteElo "1783"]
[BlackElo "2364"]
[PlyCount "100"]

1. e4 d5 2. exd5 Qxd5 3. Nc3 Qa5 4. b4 Qxb4 5. Rb1 Qd6 6. g3 Nf6 7. Bg2 Nc6 8.
Nge2 a6 9. O-O e6 10. Rb3 Qd7 11. Ne4 Nxe4 12. Bxe4 Bd6 13. d4 O-O 14. c4 Rb8
15. Qc2 f5 16. Bg2 Na5 17. Re3 b5 18. c5 Be7 19. Rd3 Nc4 20. Re1 Bf6 21. c6 Qf7
22. Nc3 Rd8 23. Be3 g6 24. Red1 Qg7 25. Ne2 Qe7 26. h4 Qg7 27. Nf4 Nxe3 28.
Rxe3 Rd6 29. Red3 Bxd4 30. Qb3 Kh8 31. Kh2 e5 32. Nh3 Be6 33. Qc2 Bc4 34. R3d2
h6 35. h5 Rf8 36. Ng1 g5 37. Ne2 Bc5 38. Nc3 Qf7 39. Bd5 Qxh5+ 40. Kg2 f4 41.
Rh1 f3+ 42. Kg1 Qg4 43. Ne4 Bb6 44. Bxc4 Rxd2 45. Qxd2 bxc4 46. Qd5 Bd4 47.
Rxh6+ Kg7 48. Rh1 c3 49. Qd7+ Qxd7 50. Nxg5 Qxc6 0-1

[Event "Elitserien(Farsta-Eksjo)"]
[Site "?"]
[Date "2005.??.??"]
[Round "10"]
[White "Gdanski, Jacek"]
[Black "Ong, Kezli"]
[Result "1-0"]
[WhiteElo "2596"]
[BlackElo "2478"]
[PlyCount "107"]

1. e4 e5 2. Nc3 Nf6 3. Bc4 Nc6 4. d3 Bb4 5. Nf3 d5 6. exd5 Nxd5 7. O-O Bxc3 8.
bxc3 Bg4 9. Re1 O-O 10. Bd2 Re8 11. h3 Bh5 12. a4 Qd6 13. g4 Bg6 14. Nh4 Rad8
15. Nxg6 Qxg6 16. Qf3 Nb6 17. Bb3 Na5 18. Ba2 Nbc4 19. Bc1 e4 20. dxe4 Qc6 21.
Bf4 h6 22. Kg2 b6 23. e5 Qxf3+ 24. Kxf3 g5 25. Bg3 Rd2 26. Rac1 c6 27. Re4 b5
28. Rd4 Rd8 29. Rxd8+ Rxd8 30. Ra1 Rd2 31. axb5 cxb5 32. Bb3 Kf8 33. Ke4 Rd7
34. Ba2 Kg7 35. Kf5 Rd5 36. Ke4 Rd7 37. h4 Nd2+ 38. Ke3 Ndc4+ 39. Ke4 Nd2+ 40.
Kf5 Nc6 41. hxg5 Ne7+ 42. Kf4 Ng6+ 43. Ke3 hxg5 44. e6 fxe6 45. Bxe6 Nc4+ 46.
Bxc4 bxc4 47. Ra4 Re7+ 48. Kd4 Nf4 49. Kxc4 Ne2 50. Bb8 Re4+ 51. Kb3 Rxa4 52.
Kxa4 Nxc3+ 53. Kb3 Nb5 54. Kb4 1-0

[Event "Elitserien(Farsta-Eksjo)"]
[Site "?"]
[Date "2005.??.??"]
[Round "10"]
[White "Lindberg, Bengt"]
[Black "Vernersson, Per"]
[Result "1/2-1/2"]
[WhiteElo "2494"]
[BlackElo "2506"]
[PlyCount "100"]

1. e4 c6 2. d4 d5 3. Nc3 dxe4 4. Nxe4 Nd7 5. Ng5 Ngf6 6. Bd3 e6 7. N1f3 Bd6 8.
Qe2 h6 9. Ne4 Nxe4 10. Qxe4 Qc7 11. O-O c5 12. Re1 Nf6 13. Qh4 b6 14. dxc5 Qxc5
15. Be3 Qh5 16. Qxh5 Nxh5 17. Be4 Rb8 18. Nd4 Bd7 19. Nc6 Bxc6 20. Bxc6+ Ke7
21. c4 Rhd8 22. Bf3 Nf6 23. h4 Bc5 24. Bf4 Bd6 25. Be3 Rbc8 26. b3 Bc5 27. Bf4
Rd4 28. g3 Rcd8 29. Kg2 Rd3 30. Re2 Bb4 31. Rf1 Bd2 32. Be5 Bc3 33. Bf4 Bd2 34.
Be5 Bb4 35. Rc1 Rd2 36. Rc2 R2d3 37. Bb2 Bc5 38. Bc3 a5 39. Bd2 Kf8 40. Bf4 Ke7
41. Red2 Bb4 42. Rxd3 Rxd3 43. Be3 Bc5 44. Bc1 e5 45. Rd2 Rxd2 46. Bxd2 e4 47.
Bd1 Bb4 48. Be3 Bc5 49. Bd2 Bb4 50. Be3 Bc5 1/2-1/2

[Event "Elitserien(Farsta-Eksjo)"]
[Site "?"]
[Date "2005.??.??"]
[Round "10"]
[White "Schussler, Harry"]
[Black "Hjelm, Niclas"]
[Result "1/2-1/2"]
[WhiteElo "2464"]
[BlackElo "2391"]
[PlyCount "49"]

1. d4 d5 2. c4 dxc4 3. Nc3 e5 4. e3 exd4 5. exd4 Nf6 6. Bxc4 Be7 7. Nf3 O-O 8.
h3 c6 9. O-O Nbd7 10. Re1 Nb6 11. Bb3 Nbd5 12. a3 Be6 13. Bc2 Rc8 14. Ng5 Nxc3
15. bxc3 Bc4 16. Nf3 c5 17. Bf5 Rc7 18. Bf4 Bd6 19. Bg5 h6 20. Bd2 Re8 21. Ne5
cxd4 22. cxd4 Bd5 23. Bf4 Be6 24. Bd3 Rc3 25. Bb5 1/2-1/2

[Event "Elitserien(Farsta-Eksjo)"]
[Site "?"]
[Date "2005.??.??"]
[Round "10"]
[White "Backelin, Rikard"]
[Black "Thornert, Hakan"]
[Result "0-1"]
[WhiteElo "2402"]
[BlackElo "2280"]
[PlyCount "100"]

1. e4 c5 2. Nf3 d6 3. Bc4 Nf6 4. d3 Nc6 5. h3 d5 6. exd5 Nxd5 7. Nc3 Nxc3 8.
bxc3 e6 9. O-O Be7 10. d4 O-O 11. Rb1 Na5 12. Bd3 c4 13. Be2 b6 14. Ne5 Bb7 15.
Bf3 Bd5 16. Re1 Rc8 17. Bxd5 Qxd5 18. Qg4 f5 19. Qh5 Nc6 20. Bf4 Bd6 21. a4
Bxe5 22. Rb5 Bxf4 23. Rxd5 exd5 24. Qf3 Bh6 25. Qxd5+ Kh8 26. Qxc4 Bd2 27. Rd1
Na5 28. Qa6 Bxc3 29. Qxa7 Nc4 30. d5 Bb4 31. Rd4 b5 32. Qd7 Bc5 33. Rf4 bxa4
34. Qxa4 Nd6 35. g3 Rfe8 36. Qa5 Re2 37. c4 h6 38. Kf1 Re7 39. h4 Ra7 40. Qc3
Re8 41. Qb2 Rb7 42. Qa2 Ra7 43. Qb2 Rea8 44. h5 Ra2 45. Qb3 Rd2 46. g4 Raa2 47.
Qb8+ Kh7 48. Kg1 Rxf2 49. Rxf2 Bxf2+ 50. Kf1 Nxc4 0-1

[Event "Elitserien(Farsta-Eksjo)"]
[Site "?"]
[Date "2005.??.??"]
[Round "10"]
[White "Rothen, Hakan"]
[Black "Degerman, Lars"]
[Result "1/2-1/2"]
[WhiteElo "2380"]
[BlackElo "2462"]
[PlyCount "88"]

1. d4 d5 2. Nc3 Nf6 3. Bg5 Nbd7 4. e3 e6 5. Bd3 c5 6. Nf3 h6 7. Bxf6 Nxf6 8.
O-O Bd6 9. e4 cxd4 10. Bb5+ Bd7 11. Qxd4 dxe4 12. Nxe4 Nxe4 13. Bxd7+ Qxd7 14.
Qxe4 O-O 15. Rad1 Qc7 16. c3 Rad8 17. Rd3 Rd7 18. Rfd1 Rfd8 19. g3 Bc5 20. Ne5
Rxd3 21. Rxd3 Bd6 22. Nc4 Be7 23. Rxd8+ Bxd8 24. Qd4 Bf6 25. Qe4 g6 26. Kf1 Bg7
27. Ke1 Qc5 28. Qd3 Kh7 29. Nd6 Qc7 30. Ke2 Be5 31. Nc4 Bg7 32. h4 f5 33. Ne3
a6 34. g4 Qe5 35. h5 Qf4 36. hxg6+ Kxg6 37. gxf5+ exf5 38. Qd5 Qe4 39. Qd6+ Bf6
40. Qg3+ Bg5 41. Qd6+ Bf6 42. Qg3+ Bg5 43. Qd6+ Kh5 44. Qh2+ Kg6 1/2-1/2

[Event "Elitserien(Farsta-Eksjo)"]
[Site "?"]
[Date "2005.??.??"]
[Round "10"]
[White "Lindeman, Sven"]
[Black "Gustafsson, Fredrik"]
[Result "1-0"]
[WhiteElo "2215"]
[BlackElo "2200"]
[PlyCount "97"]

1. e4 c5 2. Nf3 d6 3. d4 cxd4 4. Nxd4 Nf6 5. Nc3 g6 6. Be3 Bg7 7. f3 Nc6 8. Qd2
O-O 9. Bc4 Bd7 10. O-O-O b5 11. Bxb5 Ne5 12. Be2 Rc8 13. g4 Be6 14. g5 Nfd7 15.
f4 Nc4 16. Bxc4 Bxc4 17. Kb1 Qa5 18. Nb3 Qa6 19. Nd5 Bxd5 20. exd5 Rc4 21. Bd4
Rfc8 22. Qe2 Qa4 23. c3 Nb6 24. f5 Bxd4 25. Rxd4 Rxd4 26. Nxd4 Nxd5 27. fxg6
hxg6 28. Qf3 Qc4 29. Nc2 Rb8 30. Ka1 Nf4 31. Rd1 Qb5 32. b3 Ne6 33. h4 Qe5 34.
Rf1 Nd8 35. Re1 Qa5 36. Rxe7 Rxb3 37. Re8+ Kh7 38. Rxd8 Qxc3+ 39. Qxc3 Rxc3 40.
Kb2 Rh3 41. Rd7 Kg7 42. Rxa7 Rxh4 43. Ra5 f5 44. Ra7+ Kf8 45. a4 Rg4 46. a5
Rxg5 47. a6 f4 48. Rb7 Ra5 49. a7 1-0

[Event "Elitserien(Farsta-Eksjo)"]
[Site "?"]
[Date "2005.??.??"]
[Round "10"]
[White "Andersson, Johan"]
[Black "Jaderberg, Bjorn"]
[Result "1/2-1/2"]
[WhiteElo "2222"]
[BlackElo "2291"]
[PlyCount "99"]

1. e4 d5 2. exd5 Qxd5 3. Nc3 Qd6 4. d4 Nf6 5. Nge2 c6 6. g3 Bf5 7. Bg2 e6 8.
O-O Be7 9. Bf4 Qd8 10. h3 Nbd7 11. g4 Bg6 12. Bg3 Nb6 13. Nf4 Nbd5 14. Ncxd5
Nxd5 15. Nxg6 hxg6 16. c4 Nb6 17. b3 Bf6 18. Be5 g5 19. Qe2 O-O 20. Rad1 Qe7
21. f4 gxf4 22. Rxf4 Bxe5 23. Qxe5 Rad8 24. Kh1 Rd7 25. Rf2 Qh4 26. Rfd2 Nc8
27. d5 exd5 28. cxd5 cxd5 29. Rxd5 Re7 30. Qd4 Re1+ 31. Rxe1 Qxe1+ 32. Kh2 Nb6
33. Re5 Qb1 34. Re2 Qc1 35. Qd6 Nc8 36. Qd4 b6 37. Bd5 Qc7+ 38. Qe5 Qc5 39. Bf3
Qxe5+ 40. Rxe5 Rd8 41. Kg3 Kf8 42. Re3 Nd6 43. h4 f6 44. Kf4 Re8 45. Rd3 Ke7
46. g5 fxg5+ 47. Kxg5 Nf7+ 48. Kf4 Kf6 49. Bg4 Re1 50. Bh3 1/2-1/2

[Event "Elitserien(Farsta-Eksjo)"]
[Site "?"]
[Date "2005.??.??"]
[Round "10"]
[White "Svensk, Ingemar"]
[Black "Krantz, Christopher"]
[Result "0-1"]
[WhiteElo "2292"]
[BlackElo "2112"]
[PlyCount "82"]

1. Nf3 Nf6 2. c4 e6 3. Nc3 Bb4 4. g3 b6 5. Bg2 Bb7 6. Qc2 O-O 7. a3 Bxc3 8.
Qxc3 Ne4 9. Qc2 f5 10. O-O d6 11. b4 Nd7 12. Nd4 Qf6 13. d3 Nxg3 14. Bxb7 Nxf1
15. Bb2 Rae8 16. Rxf1 Qh4 17. Bc6 Rf7 18. f4 Ree7 19. Bg2 Nf6 20. h3 c5 21. Nc6
Rd7 22. e3 g5 23. Qf2 Qxf2+ 24. Kxf2 g4 25. Rb1 h5 26. bxc5 bxc5 27. Bc3 gxh3
28. Bxh3 Ng4+ 29. Ke2 Rb7 30. Rb5 a6 31. Ra5 Rb6 32. Nd8 Re7 33. Bxg4 hxg4 34.
Bf6 Rh7 35. e4 Rh2+ 36. Ke3 fxe4 37. f5 exf5 38. d4 Rb3+ 39. Kf4 Rf3+ 40. Kg5
g3 41. dxc5 g2 0-1

[Event "Elitserien(SodraSASS-Kamraterna)"]
[Site "?"]
[Date "2005.??.??"]
[Round "10"]
[White "Borvander, Tom"]
[Black "Lundvik, Jonas"]
[Result "0-1"]
[WhiteElo "2245"]
[BlackElo "2322"]
[PlyCount "60"]

1. d4 d5 2. c4 c6 3. Nf3 Nf6 4. Nc3 e6 5. Bg5 h6 6. Bxf6 Qxf6 7. e3 Nd7 8. Qb3
g5 9. h3 Bg7 10. Be2 O-O 11. cxd5 exd5 12. O-O Re8 13. Bd3 h5 14. Ne2 g4 15.
hxg4 hxg4 16. Nh2 Qg5 17. g3 Nf6 18. Kg2 Bf8 19. Rh1 Bd6 20. Nf1 Kg7 21. Nd2
Bf5 22. Rh4 Rxe3 23. fxe3 Qxe3 24. Bxf5 Qxe2+ 25. Kg1 Qxd2 26. Rd1 Qg5 27. Bc2
Re8 28. Kf2 Nh5 29. Rhh1 Bxg3+ 30. Kg1 Qf4 0-1

[Event "Elitserien(SodraSASS-Kamraterna)"]
[Site "?"]
[Date "2005.??.??"]
[Round "10"]
[White "Holmqvist, Gunnar"]
[Black "Madebrink, Lars"]
[Result "1-0"]
[WhiteElo "2263"]
[BlackElo "2228"]
[PlyCount "147"]

1. Nf3 Nf6 2. c4 g6 3. g3 Bg7 4. Bg2 O-O 5. Nc3 d6 6. O-O e5 7. d3 Nc6 8. Rb1
h6 9. b4 Be6 10. b5 Ne7 11. Qc2 Qc8 12. Ba3 Bh3 13. Nxe5 Bxg2 14. Kxg2 Nh5 15.
Nf3 Qg4 16. e3 Rfe8 17. Bb2 c6 18. Ne4 Qe6 19. Bxg7 Kxg7 20. bxc6 bxc6 21. Qb2+
Kg8 22. Nd4 Qd7 23. Qb7 Red8 24. Qxd7 Rxd7 25. g4 f5 26. gxh5 fxe4 27. dxe4
gxh5 28. Rb2 Kf7 29. Rfb1 Rg8+ 30. Kf1 c5 31. Ne2 Ng6 32. Rb7 Ke7 33. Ng3 Ne5
34. Nxh5 Rgd8 35. Nf4 Nxc4 36. Ke2 Ne5 37. Nd5+ Ke6 38. f4 Nc6 39. Rxd7 Rxd7
40. Rg1 Rb7 41. Rg6+ Kd7 42. Rxh6 Rb2+ 43. Kf3 Rxa2 44. Rh7+ Kd8 45. Kg4 Nb4
46. Nc7 a5 47. Ne6+ Kc8 48. f5 Nd3 49. f6 Rf2 50. Nf4 Ne5+ 51. Kf5 c4 52. Ke6
c3 53. Nd5 c2 54. Rc7+ Kb8 55. Rc3 Nd3 56. Nf4 Nc5+ 57. Kd5 Rd2+ 58. Kc6 Rxh2
59. f7 Rh8 60. Rxc2 Nxe4 61. Ng6 Rc8+ 62. Kb6 Nc5 63. Kb5 Ne6 64. Rxc8+ Kxc8
65. f8=Q+ Nxf8 66. Nxf8 Kd8 67. Ng6 Kd7 68. Nf4 Ke7 69. Kxa5 Kf6 70. Kb4 Ke5
71. Kc3 Ke4 72. Kd2 d5 73. Ne2 Ke5 74. Kd3 1-0